000 01232cam a2200289 i 4500
001 19546708
003 OSt
005 20260219055217.0
008 170310t20162016ne b 000 0 eng c
010 _a 2016478417
020 _a9789462367074
020 _a9462367078
035 _a(OCoLC)ocn955009335
040 _aYDXCP
_beng
_cYDXCP
_erda
_dBTCTA
_dGRG
_dGRU
_dEMI
_dOCLCA
_dYLS
_dDLC
082 _a343.072 LAC
100 _aLachnit, Eva
245 1 0 _aAlternative enforcement of competition law /
_cEva Lachnit.
264 1 _aThe Hague :
_bEleven International Publishing,
_c2016.
300 _axviii, 447 p. ;
_c24 cm
505 0 _a• Introduction; • Institutions and legal background; • Normative framework; • Negotiated procedures; • Markets work; • Individual guidance; • Compliance programmes; • Evaluation and synthesis; • Alternative enforcement in a broader context
650 0 _aAntitrust law
_zNetherlands.
650 0 _aAntitrust law
_zFrance.
650 0 _aAntitrust law
_zGreat Britain.
906 _a7
_bcbc
_cpccadap
_d2
_encip
_f20
_gy-gencatlg
942 _2ddc
_cBK
999 _c112912
_d112912